Pest control (Record no. 15041)

000 -LEADER
fixed length control field 00414pab a2200169 454500
008 - FIXED-LENGTH DATA ELEMENTS--GENERAL INFORMATION
fixed length control field 180718b1989 xxu||||| |||| 00| 0 eng d
100 ## - MAIN ENTRY--PERSONAL NAME
Personal name Das, S.K.
245 ## - TITLE STATEMENT
Title Pest control
Remainder of title Its impact on urban ecology
260 ## - PUBLICATION, DISTRIBUTION, ETC.
Date of publication, distribution, etc. 1989
300 ## - PHYSICAL DESCRIPTION
Extent 703-4
362 ## - DATES OF PUBLICATION AND/OR SEQUENTIAL DESIGNATION
Dates of publication and/or sequential designation 28 Jan.25Mar.
650 ## - SUBJECT ADDED ENTRY--TOPICAL TERM
Topical term or geographic name entry element Pesticides
700 ## - ADDED ENTRY--PERSONAL NAME
Personal name S. Bhattachryya
700 ## - ADDED ENTRY--PERSONAL NAME
Personal name B. Mishra
773 ## - HOST ITEM ENTRY
Main entry heading Calcutta Municipal Gazette
909 ## -
-- 15041
Holdings
Withdrawn status Lost status Damaged status Not for loan Permanent Location Current Location Date acquired Serial Enumeration / chronology Barcode Date last seen Price effective from Koha item type
        Indian Institute of Public Administration Indian Institute of Public Administration 2018-07-19 Volume no: 104, Issue no: 1 AR15090 2018-07-19 2018-07-19 Articles

Powered by Koha